MARC

LEADER 00000nam0a2200000 4500
001 128035
005 20231101220106.0
035 |a (RuTPU)RU\TPU\book\138489 
090 |a 128035 
100 |a 20071222d1974 m y0rusy50 ca 
101 0 |a rus 
102 |a UA 
105 |a a z 001zy 
200 1 |a Получение точных наружных резьб  |f Г. Э. Таурит 
210 |a Киев  |c Технiка  |d 1974 
215 |a 116 с.  |c ил. 
320 |a Библиогр.: с. 110-113. 
606 |a Резьба  |x Нарезание  |x Точность  |2 stltpush  |3 (RuTPU)RU\TPU\subj\24770  |9 49059 
610 1 |a резьба 
610 1 |a нарезание 
610 1 |a резьбообразование 
610 1 |a процессы 
610 1 |a методы 
610 1 |a способы 
675 |a 621.993  |v 3 
700 1 |a Таурит  |b Г. Э.  |g Георгий Эдуардович 
801 1 |a RU  |b 63413507  |c 20071222  |g PSBO 
801 2 |a RU  |b 63413507  |c 20190524  |g PSBO 
942 |c BK